000 00373nam a22001577a 4500
003 MPLRDC
005 20220104142451.0
008 210129b ||||| |||| 00| 0 eng d
082 _a848.3 YS-3
100 _a亦舒著
245 _a女记者手记
_c
260 _a
_b环球图书杂志出版社
_c
300 _b
650 _a现代别集
942 _cBK
_o848.3 YS-3
999 _c31135
_d31125